00402nam a2200157Ia 4500008004100000020001500041041001200056082001600068100001200084245006900096250000800165260003400173300000800207650001400215700001500229221030s9999 xx 000 0 und d a8129705826 aEnglish a105.23bMai aM. Main 0aData Structues & Other Objects Using C++cby M. Main, W. Savitch a2nd bPearson EducationaDelhic783 a350 aComputers aW. Savitch